| 000 | 00513nam a2200169 a 4500 | ||
|---|---|---|---|
| 005 | 20210223120428.0 | ||
| 008 | 991125s1980 mx 000 0 spa u | ||
| 035 | _aUPN01000001002 | ||
| 049 | _aCG | ||
| 050 | 4 |
_aF1235.5 R9 _bM4.3 |
|
| 100 | 1 |
_aMelgarejo Vivanco, José Luis, _d1914-2003 _929287 |
|
| 245 | 1 | 0 |
_aAdolfo Ruiz Cortines / _cpor José Luis Melgarejo Vivanco. |
| 260 |
_aXalapa : _bGobierno del Estado, _c1980. |
||
| 300 | _a246 p. | ||
| 600 | 1 | 4 |
_aRUIZ CORTINES, ADOLFO, _d1890-1973 _927985 |
| 905 | _aLibro | ||
| 999 |
_c1002 _d1002 |
||